000 00510nam a2200169 i 4500
001 33425
003 ES-MaACL
005 20260305063017.0
007 t|
008 030202s1922 fr ||||1| fre d
100 1 _aBinet, Alfred,
_d1857-1911
_928916
245 1 3 _aL' Etude expérimentale de l' intelligence /
_cpar Alfred Binet.
260 _aParĂ­s :
_bAlfred Costes,
_c1922 (
_eSaint-Denis :
_fA. Rincheval)
300 _a307 p. ;
_c23 cm.
852 _aES-MaACL
_jF-1443
999 _c33425
_d33425